000 00457nmm a2200169Ia 4500
008 251105s9999||||xx |||||||||||||||||und||
020 _a9788496831087
041 _aspa
100 _aSoler Puig, José
245 0 _aEl pan dormido
264 _a[Madrid, España] :
_bMontesinos,
_c2007
300 _a336 páginas
490 _aNarrativa
650 _aLatin American narrative
856 _uhttps://public.digitaliapublishing.com/a/24372
942 _cCF
999 _c90123
_d90123